El socialismo: la cuestión social en Chile

Furkejuvvon:
Bibliográfalaš dieđut
Váldodahkki: Quezada Acharán, Armando (Dahkki)
Materiálatiipa: Girji
Giella:espánnjágiella
Almmustuhtton: Valparaíso Universo 1932
Fáttát:
Fáddágilkorat: Lasit fáddágilkoriid
Eai fáddágilkorat, Lasit vuosttaš fáddágilkora!

MARC

LEADER 00000nam a2200000 a 4500
001 UCT8688
003 CL-VaPUC
008 970326e19320000CL |||||||||||||||||spa|d
082 0 4 |a 320.531  |b QUE  |2 21 
100 0 |a Quezada Acharán, Armando  |e author  |9 380608 
245 1 3 |a El socialismo: la cuestión social en Chile 
300 |a 122 p 
942 |c BK 
945 |d 19970326 00:00:00  |a paguirre 
260 |a Valparaíso  |b Universo  |c 1932 
650 0 |a Socialismo  |9 255260 
650 0 |a Ideologías  |9 255200 
650 0 |a Comunismo  |9 255588 
650 7 |a SISTEMAS POLITICOS  |2 CL-VaPUC  |9 380609 
650 0 |a Igualdad social  |9 358751 
650 7 |a SISTEMAS ECONOMICOS  |2 CL-VaPUC  |9 380610 
651 7 |a CHILE  |2 CL-VaPUC  |9 380611 
583 |a last modification  |c 19970326 00:00:00  |k Rodrigo Vera 
999 |c 257174  |d 257172 
952 |0 0  |1 0  |4 0  |6 320_531000000000000_QUE_1932  |7 0  |8 A  |9 280439  |a BIBDER  |b BIBDER  |d 2019-11-19  |i 1815458  |o 320.531 QUE 1932  |p 1815458  |r 2023-01-25  |w 2019-11-19  |y BK  |k DER 
952 |0 0  |1 0  |4 0  |6 320_531000000000000_QUE_1932  |7 0  |8 X  |9 280440  |a BIBHIS  |b BIBHIS  |d 2019-11-19  |i 1372580  |l 2  |o 320.531 QUE 1932  |p 1372580  |r 2024-01-30  |s 2023-06-22  |w 2019-11-19  |y BK_X  |k HIS 
952 |0 0  |1 0  |4 0  |6 320_531000000000000_QUE_1932  |7 0  |8 X  |9 280441  |a BIBHIS  |b BIBHIS  |d 2019-11-19  |i 1372599  |o 320.531 QUE 1932  |p 1372599  |r 2024-01-30  |w 2019-11-19  |y BK_X  |k HIS 
952 |0 0  |1 0  |4 0  |6 320_531000000000000_QUE_1932  |7 0  |8 X  |9 280442  |a BIBHIS  |b BIBHIS  |d 2019-11-19  |i 1372602  |o 320.531 QUE 1932  |p 1372602  |r 2023-01-25  |w 2019-11-19  |y BK_X  |k HIS